ბათუმის შოთა რუსთაველის სახელმწიფო უნივერსიტეტის ბიბლიოთეკა

მხოლოდ ერთი ნაბიჯი : (ბიბ.ჩანაწერი № 39555)

000 -ლიდერი
ფიქსირებული სიგრძის საკონტროლო ველი 00977nam a2200229Ia 4500
001 - საკონტროლო ნომერი
საკონტროლო ველი 6154
003 - საკონტროლო ნომრის იდენტიფიკატორი
საკონტროლო ველი GE_BSU
005 - ბოლო ოპერაციის თარიღი და დრო
საკონტროლო ველი 20191223120019.0
008 - ფიქსირებული სიგრძის მონაცემთა ელემენტები - ზოგადი ინფორმაცია
ფიქსირებული სიგრძის საკონტროლო ველი 181216s1968||||ge |||||||||||||| ||geo||
040 ## - კატალოგიზაციის წყარო
Transcribing agency GE_BSU
041 ## - ენის კოდი
Language code of text/sound track or separate title geo
080 ## - უნივერსალური ათობითი კლასიფიკაციის ინდექსი
Universal Decimal Classification number 821.353.1-32 გ-42
100 ## - მთავარი ჩანაწერი - პიროვნების სახელი
Personal name გეწაძე, აკაკი.
9 (RLIN) 5853
245 ## - ცნობა სათაურის შესახებ
Title მხოლოდ ერთი ნაბიჯი :
Remainder of title მოთხრობები /
Statement of responsibility, etc აკაკი გეწაძე ; რედ. ჯ. ნიქაბაძე ; მხატვ. ი. ყიფშიძე.
264 ## - წარმოების, გამოცემის, დისტრიბუციის და სხვა ცნობები
გამოცემის, წარმოების, დისტრიბუციის... ადგილი თბილისი :
გამოცემის, წარმოების, დისტრიბუციის... სახელწოდება საბჭ. საქართველო,
გამოცემის, წარმოების, დისტრიბუციის... თარიღი 1968.
300 ## - ფიზიკური აღწერა
Extent 411 გვ. ;
Dimensions 21 სმ.
653 ## - INDEX TERM--UNCONTROLLED
Uncontrolled term მოთხრობები
653 ## - INDEX TERM--UNCONTROLLED
Uncontrolled term მხოლოდ ერთი ნაბიჯი
700 ## - ADDED ENTRY--PERSONAL NAME
Personal name ნიქაბაძე, ჯ.
9 (RLIN) 5907
Relator term რედაქტორი
700 ## - ADDED ENTRY--PERSONAL NAME
Personal name ყიფშიძე, ი.
Relator term მხატვარი
9 (RLIN) 5908
942 ## - ADDED ENTRY ELEMENTS (KOHA)
Koha item type წიგნი
Source of classification or shelving scheme
ეგზემპლარები
ჩამოწერის სტატუსი დაკარგული ეგზემპლარის სტატუსი კლასიფიკაციის წყარო ან თაროზე გაწყობის სქემა დაზიანების სტატუსი არ გაიცემა მუდმივი მდებარეობა (დაცვის ადგილი) ამჟამინდელი ადგილსამყოფელი თაროზე განთავსების ადგილი შეძენის თარიღი ღირებულება, შესყიდვის ნორმალური ფასი სრული შენახვის შიფრი შტრიხკოდი ბოლო ოპერაციის თარიღი ეგზემპლარის მიმდევრობითი ნომერი (კეტერი?) ფასის ძალაში შესვლის თარიღი ეგზემპლარის სახეობა საჯარო შენიშვნა
          ბათუმის შოთა რუსთაველის სახელმწიფო უნივერსიტეტის მთავარი ბიბლიოთეკა ბათუმის შოთა რუსთაველის სახელმწიფო უნივერსიტეტის მთავარი ბიბლიოთეკა წიგნსაცავი 2018-12-17 1.70 821.353.1-32 გ-42 14533 2018-12-17 14533 2018-12-17 წიგნი 1.70 ლ.